Las subnormalidades: diagnósticos y tratamientos

Guardat en:
Dades bibliogràfiques
Autor principal: Alfonso San Juan, Mario (Autor)
Format: Llibre
Idioma:espanyol
Publicat: Madrid CEPE 1978
Col·lecció:Educación Especial, 9
Matèries:
Etiquetes: Afegir etiqueta
Sense etiquetes, Sigues el primer a etiquetar aquest registre!

MARC

LEADER 00000nam a2200000 a 4500
001 UCU0661
003 CL-VaPUC
008 960322e19780000SP |||||||||||||||||spa|d
082 0 4 |a 616.91  |b ALF  |2 21 
100 0 |a Alfonso San Juan, Mario  |e author  |9 356027 
245 1 4 |a Las subnormalidades: diagnósticos y tratamientos 
300 |a 134 p 
942 |c BK 
945 |d 19960322 00:00:00  |a paguirre 
260 |a Madrid  |b CEPE  |c 1978 
650 0 |a Psiquiatría  |9 308427 
650 7 |a PSICOTERAPIA  |2 CL-VaPUC  |9 356028 
650 0 |a Enfermedades mentales   |9 310204 
650 0 |a Salud mental  |9 308393 
650 7 |a ENFERMEDADES DEL SISTEMA NERVIOSO  |2 CL-VaPUC  |9 269801 
650 0 |a Educación especial  |9 307486 
583 |a last modification  |c 19960322 00:00:00  |k Rodrigo Vera 
490 0 |a Educación Especial, 9 
999 |c 245498  |d 245496 
952 |0 0  |1 0  |4 0  |6 616_910000000000000_ALF_1978  |7 0  |8 P  |9 260016  |a BIBEDU  |b BIBEDU  |c BIBEDU_PB  |d 2019-11-19  |i 1636782  |o 616.91 ALF 1978  |p 1636782  |r 2024-01-25  |w 2019-11-19  |y BK  |k EDU